Les saintes célèbres (par image) - Statistiques

Statistiques générales
  • Ce quiz a été pris 80 fois
  • Le résultat moyen est 9 sur 20
Statistiques - réponses
Par images Réponse % Correct
Sainte Anne
91%
Sainte Jeanne d'Arc
79%
Sainte Bernadette Soubirous
73%
Sainte Thérèse de L'Enfant Jésus
70%
La sainte Vierge Marie
64%
Sainte Marie Madeleine
63%
Sainte Blandine de Lyon
57%
Sainte Elisabeth
49%
Sainte Rita
49%
Sainte Geneviève
48%
Sainte Thérèse d'Avila
40%
Sainte Catherine de Sienne
37%
Sainte Clothilde de Burgondie
33%
Sainte Cécile de Rome
30%
Sainte Marguerite-Marie Alacoque
28%
Sainte Barbe
16%
Sainte Jeanne de France
12%
Sainte Maria Goretti
12%
Sainte Monique
12%
Sainte Sara
7%
Aucun quiz correspondant
Distribution des résultats
% des personnes avec chaque résultat
Percentile par nombre de réponses
Votre historique - résultats
Vous n’avez pas pris ce quiz